| 000 | 01198nam a2200229Ia 4500 | ||
|---|---|---|---|
| 001 | L910-50760 | ||
| 003 | IT-CnALBA | ||
| 008 | 170116s9999||||xx |||||||||||||| ||und|| | ||
| 040 |
_aIT-CnALBA _cIT-CnALBA |
||
| 041 | _aITALIANO | ||
| 100 | _aCOBB RICHARD | ||
| 245 | 0 | _aTOUR DE FRANCE. (FATTI E PERSONAGGI). | |
| 250 | _a1a ed. | ||
| 260 |
_aMILANO _bADELPHI - EDIZIONI, S.P.A. _c1995 [1° Ed.:1995 - Ed.Ling.Originale: 1995] |
||
| 300 | _a486 p. | ||
| 500 | _aLO STORICO. INDICE ONOMASTICO. L'AFFAIRE PERKEN, DUPLICE OMICIDIO CONFINE FRANCIA OLANDESE 1809. STORIA E NUMERI. IL VOLTAIRE DI BESTERMAN ROBESPIERRE. I NEO GIACOBINI. IL FESTIVAL DELLA COMUNE. TERMIDORO. LA GRANDE GUERRA. MARSIGLIA. FESTA DELLA BASTIGLI | ||
| 501 | _aSocietà San Paolo EM - Piazza San Paolo, 14 - 12051 ALBA (CN) (non commercial uses only) ® Copyright 2017 | ||
| 520 | _aLO STORICO. INDICE ONOMASTICO. L'AFFAIRE PERKEN, DUPLICE OMICIDIO CONFINE FRANCIA OLANDESE 1809. STORIA E NUMERI. IL VOLTAIRE DI BESTERMAN ROBESPIERRE. I NEO GIACOBINI. IL FESTIVAL DELLA COMUNE. TERMIDORO. LA GRANDE GUERRA. MARSIGLIA. FESTA DELLA BASTIGLI | ||
| 650 | _aDIZIONARI GEOGRAFICI | ||
| 942 | _cBK | ||
| 957 | _71 | ||
| 999 |
_a57284 _bNO _g Copie: 1 _c309664 _d309664 |
||